[Event "Kemerovo Kuzbass-ch"]
[Site "Kemerovo"]
[Date "2012.11.28"]
[Round "8"]
[White "Demarchek, Alexander"]
[Black "Petrov, Andrej"]
[Result "1-0"]
[WhiteElo "1890"]
[BlackElo "2254"]
[PlyCount "67"]
[EventDate "2012.11.23"]
[EventType "swiss"]
[EventRounds "9"]
[EventCountry "RUS"]
[SourceTitle "CBM 151 Extra"]
[Source "ChessBase"]
[SourceDate "2012.12.18"]
[SourceVersion "1"]
[SourceVersionDate "2012.12.18"]
[SourceQuality "1"]

1. e4 d6 2. d4 Nf6 3. Nc3 g6 4. f3 Bg7 5. Be3 0-0 6. Qd2 a6 7. 0-0-0 b5 8. Bh6 Nc6 9. h4 b4 10. Nce2 e5 11. h5 Qe7 12. Bxg7 Kxg7 13. g4 Rh8 14. d5 Na7 15. h6+ Kf8 16. Qxb4 Nd7 17. Nc3 Qg5+ 18. Kb1 Nc5 19. Qa5 Qd8 20. Na4 Nxa4 21. Qxa4 Bd7 22. Qa5 Ke7 23. g5 Qb8 24. f4 Nb5 25. fxe5 Qb7 26. Bxb5 Qxb5 27. Qxc7 Rhc8 28. Qxd6+ Ke8 29. Qf6 Bg4 30. e6 fxe6 31. dxe6 Rc7 32. Qh8+ Ke7 33. Qg7+ Ke8 34. Qg8+ 1-0

[Event "Kemerovo Kuzbass-ch"]
[Site "Kemerovo"]
[Date "2012.11.28"]
[Round "9"]
[White "Emeljashin, Yury"]
[Black "Petrov, Andrej"]
[Result "1/2-1/2"]
[WhiteElo "2129"]
[BlackElo "2254"]
[PlyCount "59"]
[EventDate "2012.11.23"]
[EventType "swiss"]
[EventRounds "9"]
[EventCountry "RUS"]
[SourceTitle "CBM 151 Extra"]
[Source "ChessBase"]
[SourceDate "2012.12.18"]
[SourceVersion "1"]
[SourceVersionDate "2012.12.18"]
[SourceQuality "1"]

1. d4 Nf6 2. Nf3 d5 3. e3 Bf5 4. c4 Bxb1 5. Rxb1 c6 6. Qb3 Qb6 7. Qxb6 axb6 8. cxd5 Nxd5 9. a3 b5 10. Bd2 e6 11. e4 Nf6 12. Bd3 Nbd7 13. Ke2 Be7 14. h3 0-0 15. Rhc1 Rfe8 16. g4 Nb6 17. Ne5 Red8 18. Be3 Nbd7 19. Nxd7 Rxd7 20. g5 Ne8 21. f4 g6 22. h4 Bf8 23. h5 Bg7 24. hxg6 hxg6 25. Rd1 Rad8 26. e5 Nc7 27. Be4 Nd5 28. Bxd5 Rxd5 29. Rbc1 Ra8 30. Rh1 1/2-1/2

[Event "Kemerovo Kuzbass-ch"]
[Site "Kemerovo"]
[Date "2012.11.25"]
[Round "3"]
[White "Petrov, Andrej"]
[Black "Ilenko, Aleksei"]
[Result "1/2-1/2"]
[WhiteElo "2254"]
[BlackElo "2060"]
[PlyCount "44"]
[EventDate "2012.11.23"]
[EventType "swiss"]
[EventRounds "9"]
[EventCountry "RUS"]
[SourceTitle "CBM 151 Extra"]
[Source "ChessBase"]
[SourceDate "2012.12.18"]
[SourceVersion "1"]
[SourceVersionDate "2012.12.18"]
[SourceQuality "1"]

1. d4 d5 2. Nf3 Nf6 3. c4 c6 4. cxd5 cxd5 5. Nc3 Nc6 6. Bf4 a6 7. e3 e6 8. Be2 Bd6 9. Bxd6 Qxd6 10. 0-0 0-0 11. Rc1 b5 12. Qd2 Bd7 13. b3 Rfc8 14. Qb2 Be8 15. Rfd1 Nd8 16. b4 Nb7 17. Ne5 Qb6 18. Nd3 Nd6 19. Nc5 Rcb8 20. Bd3 h6 21. Qe2 Bc6 22. f3 Re8 1/2-1/2